000 00348nam a2200145Ia 4500
008 240624s9999 xx 000 0 und d
041 _aeng
082 _a339 DOR
100 _aDORNBUSCH RUDIGER
245 _aMACROECONOMICS
250 _a(9th ed.)
260 _c2004
_aNew Delhi
_bTata McGrawhill
300 _axxii, : 613 : cm. ; 24
365 _cRS
999 _c4179
_d4179